Normal view
MARC view
Entry Personal Name
001 - CONTROL NUMBER
- control field: 874853
003 - CONTROL NUMBER IDENTIFIER
- control field: OSt
005 - DATE AND TIME OF LATEST TRANSACTION
- control field: 20260114185825.0
008 - FIXED-LENGTH DATA ELEMENTS
- fixed length control field: 260114|| aca||aabn | a|a d
040 ## - CATALOGING SOURCE
- Original cataloging agency: OSt
- Transcribing agency: OSt
100 ## - HEADING--PERSONAL NAME
- Personal name: Nevada Levi DeLapp
670 ## - SOURCE DATA FOUND
- Source citation: Work cat.: (OSt)1473787: Nevada Levi DeLapp, The Reformed David(s) and the Question of Resistance to Tyranny Reading the Bible in the 16th and 17th Centuries, 2014
